| 000 | 01049nam a22002295i 4500 | ||
|---|---|---|---|
| 001 | 161707 | ||
| 003 | ES-MaACL | ||
| 005 | 20240203062551.0 | ||
| 008 | 950206s1865 sp |||| | spa d | ||
| 080 | _a347.2 | ||
| 100 | 1 |
_aPeon y Rodríguez, Baltasar. _9130976 |
|
| 245 | 1 | 0 | _aDiscurso leído ante el claustro de la Universidad Central por don Baltasar Peón y Rodríguez... en el solemne acto de recibir la investidura de doctor en derecho civil y canónico. |
| 260 |
_aMadrid : _b[s.n.], _c1865 ( _fImp. de la Viuda de Calero) |
||
| 300 |
_a48 p. ; _c25 cm. |
||
| 594 | _aTema del discurso: El retracto | ||
| 650 | 4 |
_aRetracto. _9138931 |
|
| 710 | 2 |
_aUniversidad Central (Madrid) _97084 |
|
| 852 | 4 |
_aES-MaACL _jT-62-F-7 _z- Enc. hol., falto de cub. original _z- Enc. en un vol. facticio |
|
| 852 | 4 |
_aES-MaACL _jT-67-F-2 _z- Enc. hol., falto de cub. original _z- Enc. en un vol. facticio |
|
| 852 | 4 |
_aES-MaACL _jT-104-F-9 _z- Enc. hol., falto de cub. original _z- Enc. en un vol. facticio |
|
| 999 |
_c161707 _d161707 |
||